000 00806nam a2200229Ia 4500
005 20220704105702.0
008 210716s2004 xx 000 0 und d
020 _a1584884576
040 _cAIMIT LIBRARY
041 _aeng
082 _a005.762
_21
_bPALS
100 _aPal, Sankar k.
_946840
245 _aPattern recognition algorithms for data mining :
_bscalability knowledge discovery and soft granular computing /
_cBy Sankar K Pal and Pabitra Mitra.
250 _a1st ed.
260 _aNew York :
_bChapman & Hall/CRC ,
_c2004.
300 _axxix, 244P. ;
_c22 cm.
650 _aMultiscale data condensation
_946841
650 _aRough- fuzzy case generation
_946842
650 _aRough self-organizing map
_946843
700 _aMitra, Pabitra.
_946844
942 _2ddc
_cBK
_e1st
_k005.762 PALS
999 _c190235
_d190235